[Event "Miedzywojewodzkie Mistrzostwa Juniorow ("]
[Site "Centrum Konferencyjno-Sportowe"]
[Date "2012.??.??"]
[Round "1.1"]
[White "Kozakow, Aleksy"]
[Black "Solnicki, Maciej"]
[Result "1-0"]
[WhiteElo "1655"]
[BlackElo "1506"]
[PlyCount "80"]
[EventDate "2012.??.??"]

1. Nf3 c5 2. b3 d6 3. e4 e5 4. Be2 g6 5. Bb2 Bg7 6. O-O Ne7 7. c3 O-O 8. d4 a6
9. a4 f5 10. Nbd2 cxd4 11. cxd4 fxe4 12. Nxe4 d5 13. Ng3 e4 14. Ne1 Nbc6 15.
Nc2 Qb6 16. b4 Nf5 17. a5 Qd8 18. Nxf5 gxf5 19. f3 Qg5 20. f4 Qh6 21. Ne3 Nxb4
22. Ba3 Nc6 23. Bxf8 Kxf8 24. Nc2 Qf6 25. Ra4 Qd8 26. Qd2 b5 27. Ra3 Qf6 28.
Rd1 Bb7 29. Rg3 Rc8 30. Rc3 Kg8 31. Rg3 Kf8 32. Rg5 h6 33. Rg3 Kg8 34. Ne3 Rd8
35. Bh5 Kf8 36. Nc2 Qh4 37. Qe2 Qxf4 38. Rf1 Qd6 39. Rxf5+ Kg8 40. Bf7+ Kh7 1-0

[Event "Miedzywojewodzkie Mistrzostwa Juniorow "]
[Site "Centrum Konferencyjno-Sportow"]
[Date "2012.??.??"]
[Round "1.2"]
[White "Kankowski, Daniel"]
[Black "Oleszek, Maciej"]
[Result "0-1"]
[WhiteElo "1442"]
[BlackElo "1654"]
[PlyCount "30"]
[EventDate "2012.??.??"]

1. d4 d5 2. e3 e6 3. c4 Bd6 4. Nc3 c6 5. Nf3 Nd7 6. Bd3 Ngf6 7. O-O O-O 8. Qc2
h6 9. e4 dxe4 10. Bxe4 e5 11. dxe5 Nxe5 12. Nxe5 Bxe5 13. Rd1 Qc7 14. h3 Re8
15. Kh1 Bxc3 0-1

[Event "Miedzywojewodzkie Mistrzostwa Juniorow "]
[Site "Centrum Konferencyjno-Sportow"]
[Date "2012.??.??"]
[Round "1.3"]
[White "Koseski, Damian"]
[Black "Trendowski, Michal"]
[Result "1-0"]
[WhiteElo "1645"]
[BlackElo "1421"]
[PlyCount "75"]
[EventDate "2012.??.??"]

1. e4 e5 2. Nf3 Nc6 3. Bc4 Bc5 4. c3 Nf6 5. d3 d5 6. exd5 Nxd5 7. O-O O-O 8. b4
Bb6 9. b5 Nce7 10. Nxe5 Kh8 11. Ba3 f6 12. Bxd5 fxe5 13. Be4 Bf5 14. Nd2 Bxe4
15. Nxe4 Rf5 16. Qe2 Ng6 17. Ng3 Nf4 18. Qe4 Rg5 19. Rad1 Qd5 20. Qxd5 Nxd5 21.
Ne4 Rg6 22. c4 Nf4 23. g3 c6 24. bxc6 bxc6 25. Kh1 Ne2 26. Bd6 Re8 27. c5 Ba5
28. Rb1 Nd4 29. Rb7 Rh6 30. Rxa7 Nf3 31. h4 Bb4 32. Rb1 Be1 33. Kg2 Nd2 34.
Rxe1 Nc4 35. dxc4 Rxd6 36. Nxd6 Rd8 37. Rxe5 Rxd6 38. Re8# 1-0

[Event "Miedzywojewodzkie Mistrzostwa Juniorow ("]
[Site "Centrum Konferencyjno-Sportowe"]
[Date "2012.??.??"]
[Round "1.4"]
[White "Bober, Wojciech"]
[Black "Gajda, Stanislaw"]
[Result "0-1"]
[WhiteElo "1405"]
[BlackElo "1637"]
[PlyCount "78"]
[EventDate "2012.??.??"]

1. e4 e5 2. Nf3 Nc6 3. d4 exd4 4. Bc4 Bc5 5. c3 dxc3 6. Bxf7+ Kxf7 7. Qd5+ Ke8
8. Qh5+ Kf8 9. Qxc5+ Qe7 10. Qxe7+ Ngxe7 11. Nxc3 Nb4 12. Ke2 d5 13. Nxd5 Nbxd5
14. exd5 Nxd5 15. Rd1 c6 16. Nd4 Kf7 17. Rd3 Re8+ 18. Kf1 b6 19. Rf3+ Kg8 20.
Bd2 c5 21. Nb3 Bb7 22. Rg3 Rad8 23. Re1 Ba6+ 24. Kg1 Rxe1+ 25. Bxe1 Nf4 26. Re3
Rd1 27. f3 Nd3 28. Rxd3 Bxd3 29. Kf2 c4 30. Nd2 Ra1 31. a3 Ra2 32. Ke3 Rxb2 33.
Bg3 Ra2 34. Bd6 b5 35. Bb4 Rc2 36. g3 Kf7 37. h4 Ra2 38. Kd4 a5 39. Bc5 Rxd2
0-1

[Event "Miedzywojewodzkie Mistrzostwa Juniorow ("]
[Site "Centrum Konferencyjno-Sportowe"]
[Date "2012.??.??"]
[Round "1.5"]
[White "Kaczkowski, Maciej"]
[Black "Niklas, Michal"]
[Result "1-0"]
[WhiteElo "1604"]
[BlackElo "1401"]
[PlyCount "81"]
[EventDate "2012.??.??"]

1. e4 c5 2. Nf3 d6 3. d4 cxd4 4. Nxd4 Nf6 5. Nc3 a6 6. f4 e6 7. Bd3 Nbd7 8. Nf3
Qc7 9. O-O b5 10. a3 Ng4 11. Qe2 Nc5 12. h3 Nf6 13. e5 Nxd3 14. cxd3 dxe5 15.
fxe5 Nd7 16. d4 Be7 17. Ng5 Bxg5 18. Bxg5 h6 19. Qf3 Nb6 20. Bc1 Bb7 21. Qg4 g6
22. Ne4 Bxe4 23. Qxe4 Rd8 24. Bd2 Qd7 25. Ba5 Nc4 26. Bxd8 Nd2 27. Qa8 O-O 28.
Rf4 Rxd8 29. Qxa6 Nc4 30. a4 Nxb2 31. Qxb5 Qxb5 32. axb5 Rb8 33. Rb1 Nc4 34.
Rf2 Rd8 35. b6 Rb8 36. b7 Na5 37. Rfb2 Nc6 38. Rc2 Rxb7 39. Rxb7 Nxd4 40. Rc8+
Kg7 41. Rcc7 1-0

[Event "Miedzywojewodzkie Mistrzostwa Juniorow "]
[Site "Centrum Konferencyjno-Sportow"]
[Date "2012.??.??"]
[Round "1.6"]
[White "Konewko, Konrad"]
[Black "Mrozowski, Jan"]
[Result "0-1"]
[WhiteElo "1393"]
[BlackElo "1554"]
[PlyCount "68"]
[EventDate "2012.??.??"]

1. d4 Nf6 2. c4 g6 3. Nc3 d5 4. cxd5 Nxd5 5. e4 Nxc3 6. bxc3 Bg7 7. Bb2 c5 8.
Nf3 O-O 9. Bc4 Bg4 10. e5 Nc6 11. Bb5 cxd4 12. Bxc6 dxc3 13. Bxc3 bxc6 14. O-O
Qxd1 15. Raxd1 Bxf3 16. gxf3 Rfd8 17. f4 Bh6 18. Bd2 Rd5 19. Be3 Rad8 20. Rc1
Ra5 21. Rxc6 Rxa2 22. Kh1 e6 23. Rg1 Ra4 24. Rg4 Bg7 25. Rc7 Bxe5 26. Rxa7 Rxa7
27. Bxa7 Bd4 28. Bxd4 Rxd4 29. h4 h5 30. Rg2 Rxf4 31. Rh2 Rg4 32. Rh3 e5 33.
Kh2 e4 34. Rg3 Rxh4+ 0-1

[Event "Miedzywojewodzkie Mistrzostwa Juniorow "]
[Site "Centrum Konferencyjno-Sportow"]
[Date "2012.??.??"]
[Round "1.7"]
[White "Szustakowski, Antoni"]
[Black "Drozdz, Jakub"]
[Result "1-0"]
[WhiteElo "1532"]
[BlackElo "1371"]
[PlyCount "71"]
[EventDate "2012.??.??"]

1. d4 f5 2. c4 Nf6 3. g3 g6 4. Bg2 Bg7 5. Nf3 d5 6. Nbd2 Nc6 7. O-O Be6 8. c5
O-O 9. Nb3 b6 10. Bf4 Bf7 11. Rc1 Be8 12. Ng5 Bf7 13. cxb6 Nb4 14. bxc7 Qc8 15.
a3 Na6 16. Nc5 Nxc5 17. Rxc5 Qd7 18. Nxf7 Kxf7 19. Qb3 e6 20. Qb7 h6 21. Rfc1
Rfc8 22. Qxa8 Rxa8 23. c8=Q Rxc8 24. Rxc8 Qb5 25. R1c7+ Nd7 26. Rd8 Bxd4 27.
Rdxd7+ Qxd7 28. Rxd7+ Ke8 29. Rb7 g5 30. Bd6 Kd8 31. e3 Bb6 32. Bf1 d4 33. Bb5
Bc7 34. Rxc7 d3 35. Rb7 d2 36. Rb8# 1-0

[Event "Miedzywojewodzkie Mistrzostwa Juniorow ("]
[Site "Centrum Konferencyjno-Sportowe"]
[Date "2012.??.??"]
[Round "2.1"]
[White "Mrozowski, Jan"]
[Black "Kozakow, Aleksy"]
[Result "1/2-1/2"]
[WhiteElo "1554"]
[BlackElo "1655"]
[PlyCount "43"]
[EventDate "2012.??.??"]

1. d4 Nf6 2. c4 e5 3. dxe5 Ng4 4. e4 Nxe5 5. f4 Ng6 6. Be3 Bb4+ 7. Nc3 Qe7 8.
Bd3 f5 9. Qc2 d6 10. Nge2 Bxc3+ 11. Nxc3 c6 12. O-O-O O-O 13. Rde1 Qf7 14. Rhf1
Na6 15. a3 Ne7 16. e5 d5 17. c5 Nc7 18. Ne2 Ne6 19. Nd4 Nxd4 20. Bxd4 Be6 21.
h3 Ng6 22. g3 1/2-1/2

[Event "Miedzywojewodzkie Mistrzostwa Juniorow ("]
[Site "Centrum Konferencyjno-Sportowe"]
[Date "2012.??.??"]
[Round "2.2"]
[White "Oleszek, Maciej"]
[Black "Kaczkowski, Maciej"]
[Result "1/2-1/2"]
[WhiteElo "1654"]
[BlackElo "1604"]
[PlyCount "91"]
[EventDate "2012.??.??"]

1. d4 d5 2. Nf3 Nf6 3. Bf4 e6 4. e3 Be7 5. Bd3 Nbd7 6. Nbd2 b6 7. Bb5 O-O 8. c4
Bb7 9. Qa4 a6 10. Bc6 Bxc6 11. Qxc6 Rc8 12. a3 Nb8 13. Qa4 Nh5 14. Be5 f6 15.
Bg3 Nxg3 16. hxg3 Qd7 17. Qc2 g6 18. Ke2 dxc4 19. Rh6 Rf7 20. Rah1 Bf8 21. R6h2
b5 22. Qxg6+ Rg7 23. Qxf6 Rf7 24. Qg5+ Rg7 25. Qh5 c5 26. Ne4 Qd8 27. Rd1 cxd4
28. Nxd4 Qe7 29. Qe5 Rg6 30. Rdh1 h6 31. Rd1 Nc6 32. Nxc6 Rxc6 33. Qf4 Bg7 34.
Qb8+ Kh7 35. Rd2 c3 36. bxc3 Bxc3 37. Nxc3 Rxc3 38. Rh1 Rxa3 39. Qc8 Rg7 40.
Rhd1 Qf6 41. g4 a5 42. Kf1 Rc3 43. Qe8 b4 44. Rd7 Rc7 45. Rd8 Qf7 46. Qb5
1/2-1/2

[Event "Miedzywojewodzkie Mistrzostwa Juniorow ("]
[Site "Centrum Konferencyjno-Sportowe"]
[Date "2012.??.??"]
[Round "2.4"]
[White "Gajda, Stanislaw"]
[Black "Szustakowski, Antoni"]
[Result "0-1"]
[WhiteElo "1637"]
[BlackElo "1532"]
[PlyCount "42"]
[EventDate "2012.??.??"]

1. e4 Nf6 2. e5 Nd5 3. d4 d6 4. c4 Nb6 5. exd6 exd6 6. Nc3 Nc6 7. Nf3 Bf5 8.
Be3 Be7 9. Be2 O-O 10. O-O Bf6 11. Qd2 h6 12. b3 Re8 13. d5 Ne5 14. Nd4 Bd7 15.
f4 Ng6 16. Bd3 Ne7 17. Rad1 Bg4 18. Nde2 Bxc3 19. Qxc3 Nexd5 20. cxd5 Nxd5 21.
Qd4 Nxe3 0-1

[Event "Miedzywojewodzkie Mistrzostwa Juniorow ("]
[Site "Centrum Konferencyjno-Sportowe"]
[Date "2012.??.??"]
[Round "2.5"]
[White "Solnicki, Maciej"]
[Black "Bober, Wojciech"]
[Result "1/2-1/2"]
[WhiteElo "1506"]
[BlackElo "1405"]
[PlyCount "100"]
[EventDate "2012.??.??"]

1. e4 c5 2. d4 cxd4 3. c3 dxc3 4. Nxc3 Nc6 5. Bc4 d6 6. Nf3 e6 7. O-O Nf6 8.
Qe2 Be7 9. Rd1 Qc7 10. Nb5 Qb8 11. Qd3 a6 12. Nbd4 Nb4 13. Qe2 b5 14. Bb3 Bb7
15. a3 Nc6 16. Bc2 O-O 17. Bg5 Rd8 18. Nxc6 Bxc6 19. Rac1 Qb7 20. Re1 Rac8 21.
Nd4 a5 22. Nxc6 Rxc6 23. Bxf6 Bxf6 24. e5 Be7 25. Bxh7+ Kf8 26. Be4 d5 27. Qh5
Bxa3 28. bxa3 dxe4 29. Qh8+ Ke7 30. Qxg7 Rdc8 31. Rxc6 Rxc6 32. Rd1 Qc7 33. g4
Rc3 34. h4 Rc5 35. Qf6+ Ke8 36. Qh8+ Ke7 37. Qf6+ Ke8 38. h5 Rd5 39. Qh8+ Ke7
40. Qf6+ Ke8 41. Rxd5 exd5 42. h6 Qc1+ 43. Kg2 Qd1 44. Qh8+ Kd7 45. Qg7 Qf3+
46. Kh2 Qxf2+ 47. Kh3 Qf3+ 48. Kh2 Qf2+ 49. Kh3 Qf3+ 50. Kh2 Qf2+ 1/2-1/2

[Event "Miedzywojewodzkie Mistrzostwa Juniorow ("]
[Site "Centrum Konferencyjno-Sportowe"]
[Date "2012.??.??"]
[Round "2.6"]
[White "Niklas, Michal"]
[Black "Kankowski, Daniel"]
[Result "1/2-1/2"]
[WhiteElo "1401"]
[BlackElo "1442"]
[PlyCount "105"]
[EventDate "2012.??.??"]

1. e4 e6 2. d4 d5 3. e5 c5 4. Nf3 Nc6 5. Bb5 cxd4 6. Nxd4 Qb6 7. a4 Bd7 8. Nxc6
bxc6 9. Bd3 Qd4 10. Qe2 c5 11. c3 Qh4 12. g3 Qd8 13. Be3 Qa5 14. O-O c4 15. Bc2
Rb8 16. Ra2 Ne7 17. Nd2 Nc6 18. Rb1 Qc7 19. f4 Na5 20. Qf2 Rb7 21. Nf3 Be7 22.
Nd4 a6 23. Qd2 Nb3 24. Bxb3 cxb3 25. Raa1 Qc4 26. Qe2 Bc5 27. Qxc4 dxc4 28. Kf1
Bxd4 29. Bxd4 Rc7 30. Rd1 Ke7 31. a5 Bc6 32. Bc5+ Ke8 33. Rd6 Bd5 34. Be3 Rc6
35. Rxc6 Bxc6 36. Rd1 Bd5 37. h4 Ke7 38. Kf2 Kd7 39. g4 Kc6 40. f5 h5 41. fxe6
Bxe6 42. g5 Bd5 43. Kg3 Re8 44. Kf4 g6 45. Ra1 Kb5 46. Rd1 Rd8 47. Bb6 Rd7 48.
Bc7 Kc6 49. Bd6 Be6 50. Rd4 Kb5 51. Ke3 Kxa5 52. Bb4+ Kb5 53. Rxd7 1/2-1/2

[Event "Miedzywojewodzkie Mistrzostwa Juniorow ("]
[Site "Centrum Konferencyjno-Sportowe"]
[Date "2012.??.??"]
[Round "2.7"]
[White "Trendowski, Michal"]
[Black "Konewko, Konrad"]
[Result "1-0"]
[WhiteElo "1421"]
[BlackElo "1393"]
[PlyCount "123"]
[EventDate "2012.??.??"]

1. d4 Nf6 2. c4 g6 3. Nc3 d5 4. cxd5 Nxd5 5. e4 Nxc3 6. bxc3 Bg7 7. Nf3 c5 8.
Be3 Nc6 9. Bc4 O-O 10. O-O Bg4 11. d5 Ne5 12. Be2 Nxf3+ 13. Bxf3 Bxf3 14. Qxf3
b6 15. Rac1 Re8 16. Rfd1 Qd7 17. Bf4 e6 18. e5 exd5 19. Rxd5 Qe7 20. Rcd1 Rad8
21. c4 Rxd5 22. Rxd5 f6 23. Qe3 fxe5 24. Bg5 Bf6 25. Bxf6 Qxf6 26. g3 Qf5 27.
Kg2 Qc2 28. Rd7 Qf5 29. Rxa7 Qf8 30. Rb7 Rb8 31. Qe4 Rxb7 32. Qxb7 Qf7 33. Qxb6
Qxc4 34. Qb8+ Kf7 35. Qxe5 Qc2 36. Qc7+ Kg8 37. Qb8+ Kg7 38. Qb3 Qf5 39. Qc3+
Kg8 40. Qc4+ Kg7 41. a4 Qc8 42. a5 Qa8+ 43. Kf1 Qxa5 44. Ke2 Kf6 45. Kd3 Qa3+
46. Qc3+ Qxc3+ 47. Kxc3 Kf5 48. f3 g5 49. Kc4 h5 50. Kxc5 h4 51. Kd5 Kf6 52. g4
h3 53. Kd6 Kg6 54. Ke6 Kg7 55. Kf5 Kh6 56. Kf6 Kh7 57. Kxg5 Kg7 58. f4 Kf7 59.
Kh6 Kg8 60. Kg6 Kf8 61. Kh7 Kf7 62. g5 1-0

[Event "Miedzywojewodzkie Mistrzostwa Juniorow ("]
[Site "Centrum Konferencyjno-Sportowe"]
[Date "2012.??.??"]
[Round "3.1"]
[White "Koseski, Damian"]
[Black "Szustakowski, Antoni"]
[Result "0-1"]
[WhiteElo "1645"]
[BlackElo "1532"]
[PlyCount "62"]
[EventDate "2012.??.??"]

1. d4 Nf6 2. c4 g6 3. Nc3 d5 4. cxd5 Nxd5 5. e4 Nxc3 6. bxc3 Bg7 7. Bc4 c5 8.
Be3 cxd4 9. Bxd4 O-O 10. Ne2 Nc6 11. O-O b6 12. Bd5 Bb7 13. Bxg7 Kxg7 14. Nd4
Qc8 15. f4 Na5 16. Bxb7 Nxb7 17. Qf3 Nc5 18. e5 Qb7 19. Qg4 Kh8 20. Rf3 Rg8 21.
Rh3 Rg7 22. Qh4 Rag8 23. Qh6 f6 24. Re1 Qd5 25. Nf3 Ne4 26. Nh4 Qc5+ 27. Ree3
Rd8 28. Nxg6+ Kg8 29. Nxe7+ Rxe7 30. Kf1 Qb5+ 31. Re2 Rd1# 0-1

[Event "Miedzywojewodzkie Mistrzostwa Juniorow ("]
[Site "Centrum Konferencyjno-Sportowe"]
[Date "2012.??.??"]
[Round "3.2"]
[White "Kozakow, Aleksy"]
[Black "Oleszek, Maciej"]
[Result "1/2-1/2"]
[WhiteElo "1655"]
[BlackElo "1654"]
[PlyCount "32"]
[EventDate "2012.??.??"]

1. Nf3 d5 2. b3 Bf5 3. Bb2 Nf6 4. e3 e6 5. Be2 Be7 6. O-O O-O 7. c4 c6 8. Nc3
Nbd7 9. d3 Bg6 10. Qd2 Qc7 11. Rac1 Nb6 12. cxd5 Nbxd5 13. Rfd1 Rfd8 14. Nxd5
Nxd5 15. a3 Qb6 16. b4 Bf6 1/2-1/2

[Event "Miedzywojewodzkie Mistrzostwa Juniorow ("]
[Site "Centrum Konferencyjno-Sportowe"]
[Date "2012.??.??"]
[Round "3.3"]
[White "Kaczkowski, Maciej"]
[Black "Mrozowski, Jan"]
[Result "1-0"]
[WhiteElo "1604"]
[BlackElo "1554"]
[PlyCount "99"]
[EventDate "2012.??.??"]

1. e4 e6 2. d4 d5 3. Nc3 Bb4 4. Nge2 dxe4 5. a3 Bxc3+ 6. Nxc3 Nf6 7. Bg5 Nc6 8.
Bb5 Bd7 9. Nxe4 h6 10. Nxf6+ gxf6 11. Bh4 Rg8 12. Rg1 Nxd4 13. Bxd7+ Qxd7 14.
Bxf6 c5 15. c3 Nf5 16. Qxd7+ Kxd7 17. O-O-O+ Kc7 18. Be5+ Kc6 19. g4 Nh4 20.
Rd6+ Kb5 21. Rg3 Ng6 22. f4 Rad8 23. Rxd8 Rxd8 24. Bf6 Rg8 25. Rf3 Nf8 26. h3
Nd7 27. Bh4 c4 28. Bf2 f6 29. Bd4 b6 30. Re3 Re8 31. Re2 Nc5 32. Bxc5 Kxc5 33.
h4 Kd5 34. g5 fxg5 35. fxg5 hxg5 36. hxg5 Rg8 37. Rg2 Rg6 38. Kd2 Ke5 39. Ke3
Kf5 40. Kd4 Rxg5 41. Rxg5+ Kxg5 42. Ke5 Kg4 43. Kxe6 Kf4 44. Kd5 a6 45. Kc6 Ke4
46. Kxb6 Kd3 47. Kxa6 Kc2 48. Kb5 Kxb2 49. Kxc4 Kxa3 50. Kd5 1-0

[Event "Miedzywojewodzkie Mistrzostwa Juniorow ("]
[Site "Centrum Konferencyjno-Sportowe"]
[Date "2012.??.??"]
[Round "3.4"]
[White "Drozdz, Jakub"]
[Black "Gajda, Stanislaw"]
[Result "1/2-1/2"]
[WhiteElo "1371"]
[BlackElo "1637"]
[PlyCount "41"]
[EventDate "2012.??.??"]

1. c4 c5 2. Nc3 Nc6 3. Nf3 Nf6 4. g3 g6 5. Bg2 Bg7 6. d4 cxd4 7. Nxd4 O-O 8.
O-O a6 9. e3 Qc7 10. b3 Rd8 11. Ba3 e6 12. Qd2 b6 13. Nf3 d5 14. cxd5 Nxd5 15.
Nxd5 Rxd5 16. Nd4 Rd7 17. Rac1 Bb7 18. Rfd1 Rad8 19. Bb4 e5 20. Bxc6 Bxc6 21.
Rxc6 1/2-1/2

[Event "Miedzywojewodzkie Mistrzostwa Juniorow ("]
[Site "Centrum Konferencyjno-Sportowe"]
[Date "2012.??.??"]
[Round "3.6"]
[White "Kankowski, Daniel"]
[Black "Solnicki, Maciej"]
[Result "0-1"]
[WhiteElo "1442"]
[BlackElo "1506"]
[PlyCount "42"]
[EventDate "2012.??.??"]

1. d4 d5 2. e3 e6 3. c4 c6 4. Nf3 Bd6 5. Nc3 f5 6. Be2 Nf6 7. O-O O-O 8. Nd2
Nbd7 9. f3 e5 10. dxe5 Nxe5 11. Qb3 dxc4 12. Bxc4+ Kh8 13. Rd1 b5 14. Bf1 Qb6
15. Ndb1 Bc5 16. Ne2 Nd5 17. Nd4 f4 18. Kf2 fxe3+ 19. Bxe3 Ng4+ 20. Ke1 Ngxe3
21. Rd2 Bxd4 0-1

[Event "Miedzywojewodzkie Mistrzostwa Juniorow ("]
[Site "Centrum Konferencyjno-Sportowe"]
[Date "2012.??.??"]
[Round "3.7"]
[White "Bober, Wojciech"]
[Black "Niklas, Michal"]
[Result "1-0"]
[WhiteElo "1405"]
[BlackElo "1401"]
[PlyCount "61"]
[EventDate "2012.??.??"]

1. e4 c5 2. Nf3 d6 3. d4 cxd4 4. Nxd4 Nf6 5. Nc3 a6 6. Bg5 e6 7. Qf3 Be7 8.
O-O-O Nbd7 9. g4 Qc7 10. Qg3 b5 11. Bxb5 axb5 12. Ndxb5 Qc5 13. Be3 Qc6 14.
Nxd6+ Bxd6 15. Rxd6 Qc4 16. Rd4 Qa6 17. g5 Nh5 18. Qf3 g6 19. Ra4 Qc6 20. Rxa8
Qxa8 21. Bd4 Rf8 22. Bf6 Nhxf6 23. gxf6 Qc6 24. Re1 Bb7 25. Rd1 Nc5 26. Qe3
Nxe4 27. Nxe4 Qxe4 28. Qc5 Qf4+ 29. Kb1 Qxf6 30. Qb5+ Ke7 31. Qd7# 1-0

[Event "Miedzywojewodzkie Mistrzostwa Juniorow ("]
[Site "Centrum Konferencyjno-Sportowe"]
[Date "2012.??.??"]
[Round "4.1"]
[White "Szustakowski, Antoni"]
[Black "Kaczkowski, Maciej"]
[Result "0-1"]
[WhiteElo "1532"]
[BlackElo "1604"]
[PlyCount "120"]
[EventDate "2012.??.??"]

1. d4 Nf6 2. c4 c5 3. d5 a6 4. Nc3 b5 5. cxb5 axb5 6. Nxb5 Ba6 7. Nc3 g6 8. g3
d6 9. Bg2 Bg7 10. Nf3 O-O 11. O-O Nbd7 12. Bg5 h6 13. Bd2 Qb6 14. Qc2 Rfb8 15.
Rab1 Bc4 16. b3 Bxd5 17. Rfd1 Bc6 18. Rdc1 Qb7 19. Nh4 Bxg2 20. Nxg2 Nd5 21.
Nxd5 Qxd5 22. Rd1 Qb7 23. Be3 Qa6 24. a4 Nf6 25. Nf4 Qb7 26. Qc4 Qb4 27. Qxb4
Rxb4 28. Nd3 Rb7 29. Ne1 Rab8 30. a5 Ne4 31. Rd3 Ra8 32. f3 Nc3 33. Rb2 Rxa5
34. Kf1 Nd1 35. Rbd2 Nxe3+ 36. Rxe3 Ra1 37. Rdd3 Rb1 38. h4 Bd4 39. Rxd4 cxd4
40. Rd3 e5 41. Kf2 Rb2 42. Kf1 Ra7 43. b4 Ra1 44. Kf2 Raa2 45. Kf1 Rxe2 46. Rd1
Red2 47. Rb1 Rf2+ 48. Kg1 Rfb2 49. Rxb2 Rxb2 50. Nd3 Rb3 51. Ne1 Rxb4 52. Kf2
Rb2+ 53. Kf1 f6 54. Nd3 Rd2 55. Nb4 Kf7 56. Ke1 Rg2 57. g4 Rh2 58. Kf1 Ke6 59.
Kg1 Rb2 60. Nd3 Rb3 0-1

[Event "Miedzywojewodzkie Mistrzostwa Juniorow ("]
[Site "Centrum Konferencyjno-Sportowe"]
[Date "2012.??.??"]
[Round "4.2"]
[White "Koseski, Damian"]
[Black "Kozakow, Aleksy"]
[Result "1/2-1/2"]
[WhiteElo "1645"]
[BlackElo "1655"]
[PlyCount "114"]
[EventDate "2012.??.??"]

1. d4 e6 2. c4 b6 3. Nc3 Bb7 4. e4 Bb4 5. e5 Bxc3+ 6. bxc3 Ne7 7. Qg4 Ng6 8. h4
f5 9. Qg5 Qxg5 10. Bxg5 h6 11. Bd2 d6 12. Be2 Ne7 13. Bf3 Nbc6 14. exd6 cxd6
15. Ne2 e5 16. Bxc6+ Nxc6 17. f4 O-O-O 18. O-O Rhf8 19. Be3 Ba6 20. fxe5 Bxc4
21. Rfe1 dxe5 22. dxe5 Nxe5 23. Nf4 g5 24. hxg5 hxg5 25. Bc5 Rfe8 26. Bd4 Nc6
27. Rxe8 Rxe8 28. Nh5 Nxd4 29. cxd4 Rd8 30. Ng7 Bd3 31. Ne6 Rg8 32. d5 Kd7 33.
Rd1 Be4 34. Rd2 Bxd5 35. Nxg5 Rxg5 36. Rxd5+ Kc6 37. Rd2 b5 38. Kf2 a5 39. Ke3
Rg4 40. Rf2 Rg5 41. Kf4 Rh5 42. Ke5 b4 43. Rc2+ Kb5 44. Kf6 a4 45. Kg6 Rh8 46.
Kxf5 Rf8+ 47. Ke4 b3 48. axb3 axb3 49. Rc7 Rg8 50. Kd3 Kb4 51. Kd2 b2 52. Kc2
Rxg2+ 53. Kb1 Ka3 54. Ra7+ Kb4 55. Rb7+ Kc3 56. Rc7+ Kd3 57. Rd7+ Kc3 1/2-1/2

[Event "Miedzywojewodzkie Mistrzostwa Juniorow ("]
[Site "Centrum Konferencyjno-Sportowe"]
[Date "2012.??.??"]
[Round "4.3"]
[White "Oleszek, Maciej"]
[Black "Trendowski, Michal"]
[Result "1-0"]
[WhiteElo "1654"]
[BlackElo "1421"]
[PlyCount "123"]
[EventDate "2012.??.??"]

1. d4 Nf6 2. Nf3 g6 3. Bf4 Bg7 4. e3 d6 5. Bd3 O-O 6. Nbd2 Nc6 7. Bg5 Nb4 8. a3
Nxd3+ 9. cxd3 c5 10. O-O h6 11. Bxf6 Bxf6 12. Ne4 Bg7 13. Qb3 cxd4 14. Nxd4 d5
15. Nc3 e6 16. Rac1 a6 17. Nf3 f5 18. d4 g5 19. Na4 g4 20. Ne5 Bxe5 21. dxe5 b5
22. Nc5 Rf7 23. Rc3 Rc7 24. Rfc1 d4 25. Rd3 Qe7 26. exd4 Bb7 27. Rdc3 Bd5 28.
Qb4 Qe8 29. Qa5 Rc6 30. Nd3 Rac8 31. Rxc6 Rxc6 32. Rxc6 Qxc6 33. Nc5 Bxg2 34.
Qd8+ Kh7 35. Qe7+ Kh8 36. Qxe6 Qf3 37. Qxh6+ Kg8 38. Qe3 Qc6 39. Qg5+ Kh8 40.
Qxf5 Bf3 41. h3 Qh6 42. Qc8+ Kh7 43. Qd7+ Kh8 44. Qe8+ Kh7 45. Qf7+ Kh8 46.
Qe8+ Kh7 47. Qf7+ Kh8 48. Qf6+ Qxf6 49. exf6 a5 50. Ne6 Kg8 51. hxg4 Bxg4 52.
Ng5 b4 53. axb4 axb4 54. f7+ Kg7 55. f3 Bc8 56. Kf2 Bb7 57. Ke3 b3 58. Kf4 Bc8
59. Ke5 Ba6 60. d5 Bb5 61. Kd6 Ba4 62. Ke7 1-0

[Event "Miedzywojewodzkie Mistrzostwa Juniorow ("]
[Site "Centrum Konferencyjno-Sportowe"]
[Date "2012.??.??"]
[Round "4.4"]
[White "Mrozowski, Jan"]
[Black "Bober, Wojciech"]
[Result "1/2-1/2"]
[WhiteElo "1554"]
[BlackElo "1405"]
[PlyCount "42"]
[EventDate "2012.??.??"]

1. d4 d5 2. c4 e6 3. Nc3 Nf6 4. Bg5 Be7 5. Nf3 O-O 6. e3 h6 7. Bh4 b6 8. Bd3
Bb7 9. O-O Nbd7 10. Rc1 a6 11. Bg3 Rc8 12. a3 c5 13. Qe2 dxc4 14. Bxc4 Bxf3 15.
gxf3 b5 16. Bd3 cxd4 17. exd4 Nb6 18. Rfd1 Qd7 19. Be4 Nbd5 20. Nxd5 Nxd5 21.
Bxd5 exd5 1/2-1/2

[Event "Miedzywojewodzkie Mistrzostwa Juniorow ("]
[Site "Centrum Konferencyjno-Sportowe"]
[Date "2012.??.??"]
[Round "4.5"]
[White "Solnicki, Maciej"]
[Black "Drozdz, Jakub"]
[Result "1-0"]
[WhiteElo "1506"]
[BlackElo "1371"]
[PlyCount "81"]
[EventDate "2012.??.??"]

1. e4 d5 2. exd5 Nf6 3. Nf3 Nxd5 4. d4 g6 5. Be2 Bg7 6. O-O O-O 7. h3 Nc6 8. c4
Nb6 9. Be3 Bd7 10. Nc3 Qc8 11. d5 Ne5 12. Nxe5 Bxe5 13. c5 Bxc3 14. bxc3 Na4
15. c6 bxc6 16. Qxa4 cxd5 17. Qd4 f6 18. Qxd5+ Be6 19. Qc5 Rf7 20. Bc4 a5 21.
Bxe6 Qxe6 22. Qxc7 Rff8 23. Qb6 Ra6 24. Qxe6+ Rxe6 25. Rfd1 Rc8 26. Rac1 Rb8
27. Rd5 Ra6 28. Rc2 a4 29. Rd7 Kf7 30. Bc5 Re6 31. Bb4 Ke8 32. Rcd2 Ra8 33. a3
h5 34. c4 g5 35. c5 Rc6 36. Rb7 Raa6 37. Re2 e5 38. Rd2 f5 39. Rdd7 e4 40. Rh7
h4 41. Rh8# 1-0

[Event "Miedzywojewodzkie Mistrzostwa Juniorow ("]
[Site "Centrum Konferencyjno-Sportowe"]
[Date "2012.??.??"]
[Round "4.6"]
[White "Gajda, Stanislaw"]
[Black "Konewko, Konrad"]
[Result "1/2-1/2"]
[WhiteElo "1637"]
[BlackElo "1393"]
[PlyCount "106"]
[EventDate "2012.??.??"]

1. e4 c5 2. Nf3 Nc6 3. d4 cxd4 4. Nxd4 Nf6 5. Nc3 e5 6. Ndb5 d6 7. Nd5 Nxd5 8.
exd5 Ne7 9. c4 Ng6 10. Be3 a6 11. Nc3 Be7 12. Qa4+ Bd7 13. Qb3 Qc8 14. Na4 Bd8
15. Bb6 O-O 16. Bxd8 Qxd8 17. Nb6 Rb8 18. Nxd7 Qxd7 19. Be2 Nf4 20. g3 Nxe2 21.
Kxe2 b5 22. Rab1 Qg4+ 23. f3 Qxc4+ 24. Qxc4 bxc4 25. Rhc1 Rfc8 26. Rc2 g6 27.
Rbc1 Rb5 28. b3 Rxd5 29. Rxc4 Rxc4 30. Rxc4 Kf8 31. b4 a5 32. a3 axb4 33. Rxb4
Ke7 34. a4 Ke6 35. Ke3 h5 36. h3 Kf5 37. g4+ hxg4 38. hxg4+ Ke6 39. Ke4 Ra5 40.
f4 f5+ 41. gxf5+ gxf5+ 42. Ke3 e4 43. Kd4 Kd7 44. Rc4 Rc5 45. Rb4 Kc6 46. Rb3
Ra5 47. Ra3 Rc5 48. Rb3 Kc7 49. Rb4 Kc6 50. Rb3 Kc7 51. Rb4 Kc6 52. Rb3 Kd7 53.
Rb4 Kc6 1/2-1/2

[Event "Miedzywojewodzkie Mistrzostwa Juniorow ("]
[Site "Centrum Konferencyjno-Sportowe"]
[Date "2012.??.??"]
[Round "5.1"]
[White "Kaczkowski, Maciej"]
[Black "Kozakow, Aleksy"]
[Result "1-0"]
[WhiteElo "1604"]
[BlackElo "1655"]
[PlyCount "85"]
[EventDate "2012.??.??"]

1. e4 e5 2. Nf3 Nc6 3. Bb5 f5 4. Nc3 fxe4 5. Nxe4 Nf6 6. d3 Be7 7. Bxc6 bxc6 8.
Nxe5 O-O 9. O-O Bb7 10. Nc3 d5 11. Bg5 d4 12. Ne2 c5 13. Ng3 h6 14. Bd2 Qd5 15.
Nf3 Bd6 16. Re1 Bxg3 17. hxg3 Rae8 18. c4 dxc3 19. Bxc3 Rxe1+ 20. Nxe1 Qc6 21.
Nf3 Nd5 22. Rc1 Nxc3 23. Rxc3 Ba8 24. Qc2 Qe8 25. Rxc5 Bxf3 26. gxf3 Rxf3 27.
Rxc7 Rf8 28. Qc3 Qg6 29. Rc8 Rxc8 30. Qxc8+ Kh7 31. Qd7 Qb6 32. b3 Qa5 33. a4
Qc3 34. Qxa7 Qxd3 35. Qe3 Qd1+ 36. Kg2 Qd5+ 37. Qf3 Qc5 38. Qa8 Qb4 39. a5 Qxb3
40. a6 Qa4 41. a7 Qb4 42. Qd5 Qa4 43. a8=Q 1-0